000 00468nam a2200181Ia 4500
008 100921s9999 xx 000 0 und d
082 _b10790
_a891.463 0
100 _aइनामदार ना.सं.
245 _aराऊ.
260 _b---
_c0
300 _a380
_b---
365 _b0
520 _aललित-कादंबरी.
630 _aराऊ.
650 _aललित-कादंबरी.
730 _aराऊ.
942 _cBOOK
999 _c759903
_d759900